| 000 | 00360nam a2200145Ia 4500 | ||
|---|---|---|---|
| 008 | 150201s2013 xx 000 0 und d | ||
| 082 |
_a612.015 _bB13V |
||
| 100 | _aVASUDEVEN, D.M. | ||
| 245 | _aTB. OF BIOCHEMISTRY FOR MEDICAL STUDENTS | ||
| 250 | _a7TH | ||
| 260 |
_bJAYPEE _aDELHI _c2013 |
||
| 300 | _a1-790 | ||
| 650 | _aBIOCHEMISTRY | ||
| 942 |
_2ddc _cBK _079 |
||
| 999 |
_c1636 _d1636 |
||